000
00340nam a22001457a 4500
008
260310b |||||||| |||| 00| 0 eng d
020
_a
9788197055942
040
_a
03
082
_a
616.87 SHA
100
_a
SHARMA NAVEEN
245
_a
COMMUNITY HEALTH NURSING
260
_a
MEERUT
_b
WOLTER KLUWER
_c
7/3/26
300
_a
400
942
_c
01
999
_c
67143
_d
67143